000 00438nam a2200169Ia 4500
005 20240821075922.0
008 240331s9999 xx 000 0 und d
082 _bREA
_a613
100 _aReader, F. and Savage, W
245 0 _aCoping with caesarean and other difficult births
260 _aNew Delhi
_bFamily Books Pvt. Ltd.
_c1983
300 _a102 p .,
650 _aLabor
650 _aMotherhood
650 _aWomen
942 _cL
999 _c3009
_d3009